| 000 | 00770nam a2200241Ia 4500 | ||
|---|---|---|---|
| 001 | Z_5815 | ||
| 003 | CHAP | ||
| 008 | 220113s2009 xx 000 0 und d | ||
| 010 | _a169015 | ||
| 040 | _cCHAP | ||
| 090 | _aTesis A 2145 | ||
| 100 |
_aArias Fuentes, Abraham Michel _97046 |
||
| 245 |
_aSituación de la ganadería productora de carne en el estado Guanajuato, apoyada por el programa Fomento Ganadero de Alianza para el campo en los periodos 2003 y 2005 / _cAbraham Michel Arias Fuentes |
||
| 260 |
_aChapingo, Méx. : _bEl autor, _c2009 |
||
| 300 | _a106 h. | ||
| 502 | _aTesis (Ing. Agr. Esp. en Zootecnia) -- UACH. Departamento de Zootecnia | ||
| 901 | _aTESIS A 2145 | ||
| 902 | _aM | ||
| 910 | _a2009 | ||
| 942 | _c2 | ||
| 942 | _c2 | ||
| 999 |
_c169015 _d169015 |
||